000 00310nam a2200121Ia 4500
005 20251222140034.0
008 251222s1900||||xx |||||||||||||| ||spa||
082 _a171/A44
100 _aAlmorán, Tomás Morales
245 0 _aEducación, Ética y Religión
264 _bUniversidad Iberoamericana
942 _cLIB
999 _c3055
_d3055